Tales from a not-so-perfect pet sitter / Rachel Renée Russell ; with Nikki Russell and Erin Russell.
ikki has to hide seven ADORKABLE puppies from two parents, one nosy little sister, an entire middle school, and…one mean girl out for revenge, MacKenzie Hollister. If anyone can do it, it’s Nikki…but not without some hilarious challenges along the way!
Record details
- ISBN: 9781481457040
- ISBN: 1481457047
- Physical Description: 291 pages : illustrations ; 21 cm.
- Edition: First Aladdin hardcover edition.
- Publisher: New York : Aladdin, ©2015.
Search for related items by subject
| Subject: | Pet sitting > Juvenile fiction. Pets > Juvenile fiction. Middle schools > Juvenile fiction. Schools > Juvenile fiction. Diaries > Juvenile fiction. |
| Genre: | Juvenile works. Fairy tales. Diary fiction. |
Search for related items by series
Available copies
- 2 of 2 copies available at scottsboropl.
Holds
- 0 current holds with 2 total copies.
Show All Copies
| Location | Call Number / Copy Notes | Barcode | Shelving Location | Status | Due Date |
|---|---|---|---|---|---|
| scottsboropl | JF Rus | 32269000968886 | Storage - Juvenile | Available | - |
| scottsboropl | JF Rus | 32269001136558 | Juvenile - Fiction | Available | - |
| LDR | 01739nam a2200421Ii 4500 | ||
|---|---|---|---|
| 001 | 140251 | ||
| 003 | SBPL | ||
| 005 | 20151125070605.0 | ||
| 008 | 150626t20152015nyua c 000 1 eng d | ||
| 020 | . | ‡a9781481457040 | |
| 020 | . | ‡a1481457047 | |
| 035 | . | ‡a(CONS)140251 | |
| 035 | . | ‡a(CPomAG)LMN591169 | |
| 050 | 1 | 4. | ‡aPZ7.R915935 ‡bTak 2015 |
| 082 | 0 | 4. | ‡a813.6 ‡223 |
| 100 | 1 | . | ‡aRussell, Rachel Renée, ‡eauthor. |
| 245 | 1 | 0. | ‡aTales from a not-so-perfect pet sitter / ‡cRachel Renée Russell ; with Nikki Russell and Erin Russell. |
| 246 | 1 | . | ‡iAt head of title: ‡aDork diaries |
| 250 | . | ‡aFirst Aladdin hardcover edition. | |
| 264 | 1. | ‡aNew York : ‡bAladdin, ‡c©2015. | |
| 300 | . | ‡a291 pages : ‡billustrations ; ‡c21 cm. | |
| 336 | . | ‡atext ‡btxt ‡2rdacontent | |
| 337 | . | ‡aunmediated ‡bn ‡2rdamedia | |
| 338 | . | ‡avolume ‡bnc ‡2rdacarrier | |
| 490 | 1 | . | ‡aDork diaries ; ‡vBk 10 |
| 520 | . | ‡aikki has to hide seven ADORKABLE puppies from two parents, one nosy little sister, an entire middle school, and…one mean girl out for revenge, MacKenzie Hollister. If anyone can do it, it’s Nikki…but not without some hilarious challenges along the way! | |
| 650 | 0. | ‡aPet sitting ‡vJuvenile fiction. | |
| 650 | 0. | ‡aPets ‡vJuvenile fiction. | |
| 650 | 0. | ‡aMiddle schools ‡vJuvenile fiction. | |
| 650 | 0. | ‡aSchools ‡vJuvenile fiction. | |
| 650 | 0. | ‡aDiaries ‡vJuvenile fiction. | |
| 655 | 7. | ‡aJuvenile works. | |
| 655 | 7. | ‡aFairy tales. | |
| 655 | 7. | ‡aDiary fiction. ‡2lcgft | |
| 700 | 1 | . | ‡aRussell, Nikki, ‡eauthor. |
| 700 | 1 | . | ‡aRussell, Erin, ‡eauthor. |
| 800 | 1 | . | ‡aRussell, Rachel Renée. ‡tDork diaries ; ‡vBk 10. |
| 901 | . | ‡a140251 ‡bUnknown ‡c140251 ‡tbiblio | |